Get the Picture: Dutch-Speaking Cities Quiz Stats

 Plays Quiz Updated Jul 20, 2019

Score 0/15 Timer 02:00
1 Play Today
Question Answer Wrong Answers
Amsterdam Netherlands
89.9%
Belgium
4.4%
Suriname
1.3%
Paramaribo Suriname
89.1%
Netherlands
3.9%
Belgium
3.4%
Brussels Belgium
88.4%
Netherlands
6%
Suriname
1.4%
Rotterdam Netherlands
87.2%
Belgium
8.1%
Suriname
0.8%
Bruges Belgium
86.3%
Netherlands
7.5%
Suriname
1.8%
Moengo Suriname
84.6%
Netherlands
4.7%
Belgium
6.4%
The Hague Netherlands
84.4%
Belgium
9.4%
Suriname
2.2%
Ghent Belgium
79.7%
Netherlands
11.3%
Suriname
5.2%
Antwerp Belgium
79.4%
Netherlands
14.8%
Suriname
2.2%
Eindhoven Netherlands
79.1%
Belgium
12.7%
Suriname
4.1%
Utrecht Netherlands
74.8%
Belgium
17.9%
Suriname
3.2%
Nieuw Nickerie Suriname
74.5%
Netherlands
11.9%
Belgium
9.3%
Leuven Belgium
63%
Netherlands
24.8%
Suriname
8.1%
Brownsweg Suriname
56%
Netherlands
17%
Belgium
22.3%
Lelydorp Suriname
49.2%
Netherlands
26.6%
Belgium
19.9%

Today's Daily Dose

Missing Word
1940s A-Z

Quick Pick
'S' Athletes

Get the Picture
Depp or Bonham Carter

You're not logged in!

Compare scores with friends on all Sporcle quizzes.
OR
Log In

Sporcle TV

Today on Sporcle TV


Watch our educational content, quiz creation guides, and fun videos on Sporcle TV.

Show Comments

Extras

Top Quizzes Today


Score Distribution

Your Account Isn't Verified!

In order to create a playlist on Sporcle, you need to verify the email address you used during registration. Go to your Sporcle Settings to finish the process.

Report this User

Report this user for behavior that violates our Community Guidelines.

Details: